Movies Quiz

Random Movies or Cast Quiz
Score 0/15 Timer 06:00
7 Plays Today
Question Answer Wrong Answers
The Wizard of Oz The Elder Bear
98.1%
The Cowardly Lion
0.6%
The Tin Man
0.5%
The Scarecrow
0.7%
The Matrix Beast
85%
Trinity
3%
Morpheus
2.6%
Cypher
5.3%
The Godfather Tony Soprano
82%
Vito Corleone
1.4%
Michael Corleone
1.6%
Tom Hagen
13.3%
Batman v. Superman: Dawn of Justice Peter Parker
80.3%
Bruce Wayne
1.5%
Clark Kent
1.8%
Diana Prince
11.4%
The Lord of the Rings: The Fellowship of the Ring Thorin Oakenshield
77.8%
Frodo Baggins
2.7%
Aragorn
5.9%
Gimli
10%
V for Vendetta Big Brother
68.9%
High Chancellor Adam Sutler
8%
Eric Finch
15%
Evey Hammond
6.4%
The Princess Bride Little John
65.7%
Prince Humperdinck
5.4%
Fezzik
7.2%
Miracle Max
18.4%
Transformers Megazord
62.3%
Bumblebee
8.7%
Starscream
21.5%
Optimus Prime
2.7%
WALLΒ·E HAL 9000
59.6%
EVE
2.4%
AUTO
8.2%
BURN-E
27.6%
Pulp Fiction Winston 'The Fox' Fox
49.9%
Vincent Vega
6.3%
Jules Winnfield
8%
Butch Coolidge
31.2%
Rise of the Guardians Bo Peep
47.5%
Pitch Black
21.6%
Jack Frost
13.7%
Tooth
11.2%
Die Hard Harry Tasker
44.4%
John McClane
2.2%
Hans Gruber
6.5%
Dwayne T. Robinson
41.3%
Alien Dutch
37%
Ripley
4.7%
Ash
27.3%
Dallas
24.7%
Annie Hall Cliff Stern
31.1%
Tony Lacey
23%
Alvy Singer
16.1%
Allison Portchnik
22.7%
No Country for Old Men John Grady Cole
27.7%
Sheriff Ed Tom Bell
9.3%
Carson Wells
39.8%
Anton Chigurh
16.4%
Remove Ads.
Support Sporcle.
Get the best of Sporcle when you Go Orange. This ad-free experience offers more features, more stats, and more fun while also helping to support Sporcle. Thank you for becoming a member.

You're not logged in!

Compare scores with friends on all Sporcle quizzes.
OR
Log In

Show Comments

Extras

Top Quizzes Today


Score Distribution

Your Account Isn't Verified!

In order to create a playlist on Sporcle, you need to verify the email address you used during registration. Go to your Sporcle Settings to finish the process.

Report this User

Report this user for behavior that violates our Community Guidelines.

Details: